Contribución a la técnica de la contabilidad presupuestaria / (Record no. 47123)
[ view plain ]
| 000 -LEADER | |
|---|---|
| campo de control de longitud fija | 00641nam a2200169 i 4500 |
| 001 - NÚMERO DE CONTROL | |
| campo de control | 47123 |
| 003 - IDENTIFICADOR DE NÚMERO DE CONTROL | |
| campo de control | ES-MaACL |
| 005 - FECHA Y HORA DE LA ÚLTIMA TRANSACCIÓN | |
| campo de control | 20230906161516.0 |
| 007 - CAMPO FIJO DE DESCRIPCIÓN FÍSICA--INFORMACIÓN GENERAL | |
| campo de control de longitud fija | t| |
| 008 - DATOS DE LONGITUD FIJA--INFORMACIÓN GENERAL | |
| campo de control de longitud fija | 030403s1964 sp ||||1| spa d |
| 245 00 - MENCIÓN DEL TÍTULO | |
| Título | Contribución a la técnica de la contabilidad presupuestaria / |
| Mención de responsabilidad, etc. | prólogo José María Butiña Granés ; traducción y revisión A. García-Martín Suárez. |
| 260 ## - PUBLICACIÓN, DISTRIBUCIÓN, ETC. | |
| Lugar de publicación, distribución, etc. | Barcelona : |
| Nombre del editor, distribuidor, etc. | Sagitario, |
| Fecha de publicación, distribución, etc. | [1964] |
| 300 ## - DESCRIPCIÓN FÍSICA | |
| Extensión | 222 p. ; |
| Dimensiones | 22 cm. |
| 500 ## - NOTA GENERAL | |
| Nota general | Precede al tít.: Orden de "Experts comptables et des comptables agréés" |
| 700 1# - ENTRADA AGREGADA--NOMBRE PERSONAL | |
| Nombre de persona | García-Martín Suárez, Antonio. |
| 9 (RLIN) | 54905 |
| 852 ## - LOCALIZACIÓN | |
| Ubicación | ES-MaACL |
| Número de control de estantería | C-24998 |
| Sublocalización o colección | R.53981 |
| Estatus retirado | Estado de pérdida | Estado de daño | No para préstamo | Biblioteca de origen | Biblioteca actual | Ubicación en estantería | Fecha de adquisición | Fuente de adquisición | Total de préstamos | Signatura topográfica completa | Código de barras | Visto por última vez | Precio de reemplazo | Tipo de ítem Koha |
|---|---|---|---|---|---|---|---|---|---|---|---|---|---|---|
| Biblioteca del Ateneo de Madrid | Biblioteca del Ateneo de Madrid | Depósito 2 | 17/01/2008 | C-24998 | 1049566 | 23/02/2023 | 23/02/2023 | Libro impreso |
